| 000 | 00000nam##2200000za#4500 |
| 001 | 9.572014 |
| 003 | CaOODSP |
| 005 | 20220111083039 |
| 007 | cr ||||||||||| |
| 008 | 150406|1988||||xxc|||||o f|0| 0 eng|d |
| 022 | |a1928-6414 |
| 040 | |aCaOODSP|beng |
| 043 | |an-cn--- |
| 086 | 1 |aNE22-1/1988-7E-PDF |
| 110 | 1 |aCanada. |bNational Energy Board. |
| 245 | 10|aReasons for decision in the matter of Canadian Hunter Exploration Ltd. : |h[electronic resource]|bapplication pursuant to Part VI of the National Energy Board Act for a licence to export natural gas |
| 246 | 1 |iVariant title : |aCanadian Hunter Exploration Ltd. |
| 260 | |aOttawa - Ontario : |bNational Energy Board |cAugust 1988. |
| 300 | |a14p.|btables |
| 490 | 1 |aReasons for decision|x1928-6414|vGH-2-88 |
| 500 | |aThe catalogue number (NE22-1/1988-7E) and ISBN (0-662-16474-1) for the print edition have been incorrectly copied in this electronic publication. |
| 590 | |a12-09-Supp|b2012-03-21 |
| 775 | 08|tMotifs de décision relativement à Canadian Hunter Exploration Ltd. : |w(CaOODSP)9.602431 |
| 830 | #0|aReasons for decision (Canada. National Energy Board)|x1928-6414|vGH-2-88|w(CaOODSP)9.504480 |
| 856 | 40|ahttp://publications.gc.ca|qPDF|s69 KB|uhttps://publications.gc.ca/collections/collection_2011/one-neb/NE22-1-1988-07-eng.pdf|yGH-2-88 |